000 01664nam0a2200373 4500
001 RU\NLR\BIBL_A\012732748
005 20260406103445.0
010 _a978-5-134155-8
_92000
021 _aRU
_b2021-83343
_9КН-П-6643
035 _a(NLR Aleph) 012732748
090 _a12977533
_c12977533
100 _a20220317d2021 |||y0rusy50 ca
101 0 _arus
_aeng
102 _aRU
105 _ay z 000zy
181 0 _ai
_baxxe
182 0 _an
200 1 _aЗаводной апельсин
_dA clockwork orange
_e[2000 слов
_eграмматический комментарий]
_fЭнтони Бёрджесс
_gадапт. текста и словарь С. А. Матвеева
_zeng
203 _aТекст
_bвизуальный
_cнепосредственный
210 _aМосква
_cLingua
_cАСТ
_d2021
215 _a315, [3] с.
_d18
225 1 _aЭксклюзивное чтение на английском языке
300 _aАвт. также на англ. яз.: Anthony Burgess
333 _a16+
510 1 _6z37790
_aA clockwork orange
_zeng
606 1 _aАнглийский язык
_jКниги для чтения
_9972309
_3RU\NLR\AUTH\6646032
686 1 _aШ143.21-93рус91
700 1 _8rus
_7ca
_aБерджесс
_bЭ.
_f1917-1993
_gЭнтони
_3RU\NLR\AUTH\7789215
_972143
702 1 _4010
_7ca
_8rus
_aМатвеев
_bС. А.
_cлингвист, философ
_gСергей Александрович
_3RU\NLR\AUTH\7732325
_915334
790 1 _7ba
_8eng
_aBurgess
_bA.
_f1917-1993
_gAnthony
_9243278
_3RU\NLR\AUTH\770243334
942 _cBOOK
980 _aNB